Cẩm nang sở hữu trí tuệ : Chính sách, pháp luật và áp dụng
Sách cung cấp cho độc giả một tài liệu tham khảo về các lĩnh vực khác nhau của sở hữu trí tuệ, qua đó góp phần thúc đẩy việc áp dụng hệ thống sở hữu trí tuệ trong các hoạt động nghiên cứu, sáng tạo, sản xuất và kinh doanh....
Na minha lista:
| Formato: | Livro |
|---|---|
| Idioma: | Undetermined |
| Publicado em: |
Geneva
WIPO
2005
|
| Assuntos: | |
| Tags: |
Adicionar Tag
Sem tags, seja o primeiro a adicionar uma tag!
|
| Thư viện lưu trữ: | Trung tâm Học liệu Trường Đại học Cần Thơ |
|---|
| LEADER | 00876nam a2200181Ia 4500 | ||
|---|---|---|---|
| 001 | CTU_116446 | ||
| 008 | 210402s9999 xx 000 0 und d | ||
| 082 | |a 346.597048 | ||
| 082 | |b C120 | ||
| 245 | 0 | |a Cẩm nang sở hữu trí tuệ : | |
| 245 | 0 | |b Chính sách, pháp luật và áp dụng | |
| 260 | |a Geneva | ||
| 260 | |b WIPO | ||
| 260 | |c 2005 | ||
| 520 | |a Sách cung cấp cho độc giả một tài liệu tham khảo về các lĩnh vực khác nhau của sở hữu trí tuệ, qua đó góp phần thúc đẩy việc áp dụng hệ thống sở hữu trí tuệ trong các hoạt động nghiên cứu, sáng tạo, sản xuất và kinh doanh. | ||
| 650 | |a Intangible property,Intellectual property | ||
| 904 | |i Minh, Năm | ||
| 980 | |a Trung tâm Học liệu Trường Đại học Cần Thơ | ||